[Event "Championnat de France des Jeunes - Cadet"]
[Site "NIMES"]
[Date "2012.04.14"]
[Round "1.1"]
[White "Neuhauser, Salome"]
[Black "Wonner, Sarah"]
[Result "1-0"]
[WhiteElo "2049"]
[BlackElo "1640"]
[PlyCount "41"]

1. e4 e5 2. Bc4 Nf6 3. d3 Bc5 4. Nc3 Nc6 5. Bg5 h6 6. Bh4 Bb4 7. Nge2 Be7 8.
O-O Nxe4 9. Bxe7 Nxc3 10. Bxd8 Nxd1 11. Bxc7 Nxb2 12. Bb3 Nxd3 13. cxd3 O-O 14.
f4 Nd4 15. Nxd4 exd4 16. Bd6 Re8 17. Rae1 Rd8 18. Re7 Rf8 19. Rfe1 b6 20. Bd5
Bb7 21. Bxb7 1-0

[Event "Championnat de France des Jeunes - Cadet"]
[Site "NIMES"]
[Date "2012.04.14"]
[Round "1.2"]
[White "Richier, Lucie"]
[Black "Aflalo, Sophie"]
[Result "0-1"]
[WhiteElo "1636"]
[BlackElo "2046"]
[PlyCount "44"]

1. d4 Nf6 2. Nf3 g6 3. Bf4 Bg7 4. e3 d6 5. Bd3 Nbd7 6. c3 O-O 7. e4 Nh5 8. Bg5
h6 9. Be3 e5 10. Qd2 Ndf6 11. Bxh6 Bxh6 12. Qxh6 Nf4 13. Bc2 Ng4 14. Qg5 f6 15.
Bb3+ Kg7 16. Qxf4 exf4 17. Nbd2 Qe7 18. h3 Rh8 19. Nh2 Nxh2 20. Rxh2 c5 21. f3
cxd4 22. cxd4 Be6 0-1

[Event "Championnat de France des Jeunes - Cadet"]
[Site "NIMES"]
[Date "2012.04.14"]
[Round "1.3"]
[White "Monpeurt, Cyrielle"]
[Black "Dufour, Celine"]
[Result "1-0"]
[WhiteElo "2024"]
[BlackElo "1613"]
[PlyCount "75"]

1. e4 e5 2. Nf3 Nc6 3. Bb5 a6 4. Ba4 Nf6 5. O-O Be7 6. Re1 b5 7. Bb3 O-O 8. h3
d6 9. c3 Na5 10. Bc2 c5 11. d4 Qc7 12. Nbd2 Re8 13. Nf1 h6 14. Ng3 Bf8 15. a4
Bd7 16. d5 c4 17. axb5 axb5 18. Nh4 g6 19. Qf3 Nh7 20. Nf1 Nb7 21. Be3 Nc5 22.
Nh2 Ng5 23. Qe2 Ncxe4 24. Ng4 f5 25. Bxg5 hxg5 26. Bxe4 fxg4 27. Nxg6 Rxa1 28.
Rxa1 Bg7 29. hxg4 Qc8 30. Qe3 Qd8 31. Qh3 Qf6 32. Ra7 Rd8 33. f3 Qf7 34. Qg3
Qe8 35. Qf2 Bc8 36. Ne7+ Kh8 37. Qg3 Qf8 38. Qh3+ 1-0

[Event "Championnat de France des Jeunes - Cadet"]
[Site "NIMES"]
[Date "2012.04.14"]
[Round "1.4"]
[White "Chauvet, Adele"]
[Black "Lenoel, Marine"]
[Result "0-1"]
[WhiteElo "1595"]
[BlackElo "1933"]
[PlyCount "56"]

1. e4 e5 2. Nc3 Bc5 3. g3 Nf6 4. Bg2 Nc6 5. Nge2 d6 6. Na4 Bb6 7. Nxb6 axb6 8.
d3 d5 9. Bg5 dxe4 10. Bxe4 h6 11. Bxf6 Qxf6 12. Bg2 Bg4 13. h3 Bf3 14. O-O
O-O-O 15. Bxf3 Qxf3 16. Nc3 Qf5 17. Qg4 Qxg4 18. hxg4 Nd4 19. Rac1 h5 20. gxh5
Rxh5 21. f4 exf4 22. Rxf4 Rdh8 23. Kf2 Rh2+ 24. Ke3 Nxc2+ 25. Kf3 Rd8 26. Rd1
f5 27. Ne2 g5 28. Rc4 g4+ 0-1

[Event "Championnat de France des Jeunes - Cadet"]
[Site "NIMES"]
[Date "2012.04.14"]
[Round "1.5"]
[White "Afraoui, Solenn"]
[Black "Laurent, Chloe"]
[Result "1-0"]
[WhiteElo "1923"]
[BlackElo "1562"]
[PlyCount "69"]

1. e4 c5 2. Nf3 g6 3. d4 cxd4 4. Nxd4 Bg7 5. c4 d6 6. Nc3 Nf6 7. Be2 Nc6 8. Be3
O-O 9. O-O Bd7 10. Nc2 Rc8 11. f3 a6 12. Rc1 Be6 13. Qd2 Nd7 14. Na3 Nc5 15.
Rfd1 b6 16. Bf1 Qc7 17. Nd5 Bxd5 18. cxd5 Ne5 19. b4 Qb7 20. bxc5 dxc5 21. Nc4
Nxc4 22. Rxc4 Qd7 23. Rb1 Rb8 24. Bh6 Qd6 25. Bxg7 Kxg7 26. Rcc1 a5 27. a4 Kg8
28. Qc3 Rfc8 29. Bc4 Rc7 30. Rd1 Rcb7 31. e5 Qc7 32. d6 exd6 33. exd6 Qd8 34.
Bb5 Ra8 35. Bc6 1-0

[Event "Championnat de France des Jeunes - Cadet"]
[Site "NIMES"]
[Date "2012.04.15"]
[Round "2.1"]
[White "Dubois, Marie"]
[Black "Neuhauser, Salome"]
[Result "0-1"]
[WhiteElo "1792"]
[BlackElo "2049"]
[PlyCount "48"]

1. d4 Nf6 2. c4 c5 3. d5 e6 4. Nc3 exd5 5. cxd5 d6 6. e4 g6 7. Nf3 Bg7 8. Nd2
O-O 9. Be2 Re8 10. O-O Na6 11. Re1 Nc7 12. h3 Rb8 13. a4 b6 14. Bf1 a6 15. Nc4
b5 16. Na5 Bd7 17. axb5 Bxb5 18. Qc2 Nfxd5 19. Nxd5 Nxd5 20. Bd2 Nb6 21. Bf4
Qf6 22. Qd2 Qxb2 23. Qxd6 Qb4 24. Bd2 Qd4 0-1

[Event "Championnat de France des Jeunes - Cadet"]
[Site "NIMES"]
[Date "2012.04.15"]
[Round "2.2"]
[White "Aflalo, Sophie"]
[Black "Gennesseaux, Gabrielle"]
[Result "1-0"]
[WhiteElo "2046"]
[BlackElo "1726"]
[PlyCount "75"]

1. e4 e6 2. d4 d5 3. Nd2 dxe4 4. Nxe4 Bd7 5. Bd3 Bc6 6. Nf3 Bxe4 7. Bxe4 c6 8.
O-O Nf6 9. Bd3 Be7 10. b3 O-O 11. Ne5 Nbd7 12. c4 Rc8 13. Bb2 Re8 14. Qf3 Bf8
15. Rad1 Qc7 16. Rfe1 a6 17. Qh3 h6 18. Re3 Nxe5 19. dxe5 Nh7 20. Rg3 Kh8 21.
Qg4 g6 22. h4 h5 23. Qe4 Bg7 24. Re3 Red8 25. g4 f5 26. exf6 Bxf6 27. Bxf6+
Nxf6 28. Qxg6 Qg7 29. Qxg7+ Kxg7 30. g5 Nd7 31. Rxe6 Nc5 32. Re3 Rd4 33. Be2
Rxh4 34. b4 Na4 35. Rd7+ Kg6 36. Re5 Nb2 37. Bf3 Nxc4 38. Be4+ 1-0

[Event "Championnat de France des Jeunes - Cadet"]
[Site "NIMES"]
[Date "2012.04.15"]
[Round "2.4"]
[White "Lenoel, Marine"]
[Black "Sadoune, Emilie"]
[Result "1-0"]
[WhiteElo "1933"]
[BlackElo "1515"]
[PlyCount "63"]

1. e4 c5 2. Nc3 Nc6 3. g3 g6 4. Bg2 Bg7 5. d3 Rb8 6. f4 d6 7. Nf3 e6 8. O-O b5
9. Nh4 Nge7 10. f5 b4 11. Ne2 Be5 12. c3 Qb6 13. Be3 exf5 14. exf5 Nxf5 15.
Nxf5 Bxf5 16. Nf4 bxc3 17. bxc3 Qa6 18. Qf3 Nd8 19. d4 cxd4 20. cxd4 Bg7 21.
Nd5 Qb7 22. g4 Be6 23. Nf6+ Ke7 24. d5 Bc8 25. Qe4+ Be6 26. dxe6 Qxe4 27. Bxe4
Bxf6 28. Rxf6 Nxe6 29. Raf1 Rhf8 30. Bh6 Rfc8 31. Rxf7+ Ke8 32. Bd5 1-0

[Event "Championnat de France des Jeunes - Cadet"]
[Site "NIMES"]
[Date "2012.04.15"]
[Round "2.5"]
[White "Abbassi, Zeyneb"]
[Black "Afraoui, Solenn"]
[Result "0-1"]
[WhiteElo "1481"]
[BlackElo "1923"]
[PlyCount "174"]

1. d4 Nf6 2. Nf3 c5 3. d5 d6 4. Nc3 g6 5. e4 Bg7 6. Bb5+ Nbd7 7. a4 O-O 8. O-O
Qc7 9. Re1 a6 10. Bf1 b6 11. Bf4 Ng4 12. Nd2 Nge5 13. Be3 Nf6 14. h3 Bb7 15. f4
Ned7 16. Nc4 Rab8 17. e5 Ne8 18. exd6 Nxd6 19. Nxd6 exd6 20. f5 Rbe8 21. Qd2
Ne5 22. Bh6 f6 23. fxg6 hxg6 24. Bxg7 Kxg7 25. Re4 Rh8 26. Rae1 Bc8 27. Ne2 Bf5
28. Rf4 Bd7 29. b3 b5 30. axb5 axb5 31. Nc3 b4 32. Ne4 Ref8 33. Qf2 Bf5 34. Ng3
Bc8 35. Ne4 Qd8 36. Qg3 Rh6 37. Be2 Kh8 38. Ref1 Bf5 39. Qf2 Bxe4 40. Rxe4 f5
41. Rf4 Qg5 42. Kh2 Rg8 43. Qg3 Qxg3+ 44. Kxg3 Ra8 45. Bb5 Ra2 46. R4f2 Ra5 47.
Be2 Rh7 48. Kf4 Rh4+ 49. Kg3 Rh7 50. Kf4 Rha7 51. Kg5 Kg7 52. Bd3 Nxd3 53. cxd3
Re7 54. Rd2 Ra3 55. Rb1 Re5 56. Rbb2 Rxd5 57. Kf4 Kf6 58. Rb1 Re5 59. h4 Ra8
60. g3 Rd5 61. Rbd1 Rd4+ 62. Kf3 Re8 63. Re2 Re5 64. Kf2 Rg4 65. Rde1 Rxe2+ 66.
Rxe2 Rd4 67. Re3 Rd5 68. Kf3 Re5 69. Rxe5 Kxe5 70. g4 d5 71. gxf5 Kxf5 72. Ke3
Ke5 73. Kf3 c4 74. dxc4 dxc4 75. bxc4 b3 76. c5 b2 77. c6 b1=Q 78. c7 Qb7+ 79.
Ke2 Qxc7 80. Kf3 Kf5 81. h5 gxh5 82. Kf2 Qc3 83. Ke2 Ke4 84. Kf2 Qf3+ 85. Kg1
Qe2 86. Kh1 Kf3 87. Kg1 Qg2# 0-1

[Event "Championnat de France des Jeunes - Cadet"]
[Site "NIMES"]
[Date "2012.04.15"]
[Round "3.1"]
[White "Neuhauser, Salome"]
[Black "Lenoel, Marine"]
[Result "1-0"]
[WhiteElo "2049"]
[BlackElo "1933"]
[PlyCount "110"]

1. e4 e5 2. Bc4 Nf6 3. d3 Bc5 4. Nc3 d6 5. Na4 Bb6 6. Nxb6 axb6 7. Bg5 h6 8.
Bh4 Nc6 9. Ne2 Be6 10. f3 Bxc4 11. dxc4 g5 12. Bf2 Nh5 13. Nc3 Qd7 14. Nd5 Ne7
15. h4 Nxd5 16. cxd5 Qb5 17. b3 Nf4 18. c4 Qb4+ 19. Kf1 gxh4 20. Bxh4 b5 21.
Be1 Qc5 22. g3 Ng6 23. Qc2 bxc4 24. Bf2 Qa3 25. Qxc4 Qb2 26. Rc1 Rxa2 27. Rh2
Ra1 28. Rxa1 Qxa1+ 29. Kg2 Qa5 30. b4 Qa4 31. Qxc7 Qxb4 32. Rh5 b5 33. Bb6 O-O
34. Qc1 Ra8 35. Qxh6 Ra2+ 36. Kh3 Qd2 37. Qh7+ Kf8 38. Kg4 Ne7 39. Qh6+ Qxh6
40. Rxh6 Ng6 41. Rh1 Rb2 42. Ra1 b4 43. Ra8+ Kg7 44. Bc7 b3 45. Bxd6 Rd2 46.
Rb8 Rd3 47. Ba3 Kf6 48. Rb6+ Kg7 49. Bb2 Kf8 50. f4 exf4 51. gxf4 Ke7 52. d6+
Kd7 53. e5 f6 54. e6+ Kxe6 55. f5+ Kf7 1-0

[Event "Championnat de France des Jeunes - Cadet"]
[Site "NIMES"]
[Date "2012.04.15"]
[Round "3.2"]
[White "Afraoui, Solenn"]
[Black "Aflalo, Sophie"]
[Result "1-0"]
[WhiteElo "1923"]
[BlackElo "2046"]
[PlyCount "65"]

1. e4 c5 2. Nf3 Nc6 3. d4 cxd4 4. Nxd4 Nf6 5. Nc3 e5 6. Ndb5 d6 7. Bg5 a6 8.
Na3 b5 9. Nd5 Be7 10. Bxf6 Bxf6 11. c4 b4 12. Nc2 Rb8 13. Be2 Bg5 14. O-O O-O
15. Qd3 Be6 16. Rfd1 g6 17. b3 Rb7 18. a3 f5 19. Ndxb4 fxe4 20. Qxd6 Qxd6 21.
Rxd6 Nxb4 22. axb4 Bc8 23. c5 e3 24. Nxe3 Rxb4 25. Bc4+ Kg7 26. Nd5 Rb8 27. Re1
Rf5 28. c6 Bd2 29. Rd1 Ba5 30. c7 Rb7 31. Bxa6 Rf7 32. Bxb7 Bxb7 33. Rc1 1-0

[Event "Championnat de France des Jeunes - Cadet"]
[Site "NIMES"]
[Date "2012.04.15"]
[Round "3.3"]
[White "Monpeurt, Cyrielle"]
[Black "Alonso, Audrey"]
[Result "1-0"]
[WhiteElo "2024"]
[BlackElo "1858"]
[PlyCount "75"]

1. e4 e5 2. Nf3 Nc6 3. Bb5 a6 4. Ba4 Nf6 5. O-O b5 6. Bb3 Be7 7. Re1 d6 8. c3
O-O 9. h3 Na5 10. Bc2 c5 11. d4 Nd7 12. Nbd2 exd4 13. cxd4 Nc6 14. Nf1 Bf6 15.
Be3 Qb6 16. d5 Nce5 17. Rb1 Nc4 18. Bc1 Re8 19. Ng3 Nde5 20. Nxe5 Nxe5 21. Nh5
Bh4 22. Rf1 Qd8 23. f4 Nc4 24. b3 Nb6 25. Qf3 Nd7 26. Bb2 Bf6 27. Nxf6+ Nxf6
28. e5 dxe5 29. fxe5 Qxd5 30. exf6 Qxf3 31. Rxf3 Bb7 32. Rf2 g6 33. Rd1 Rac8
34. h4 c4 35. bxc4 bxc4 36. h5 gxh5 37. Ba3 Re6 38. Bf5 1-0

[Event "Championnat de France des Jeunes - Cadet"]
[Site "NIMES"]
[Date "2012.04.15"]
[Round "3.4"]
[White "Dufour, Celine"]
[Black "Dubois, Marie"]
[Result "0-1"]
[WhiteElo "1613"]
[BlackElo "1792"]
[PlyCount "76"]

1. e4 c5 2. Nf3 d6 3. c3 Nf6 4. Be2 Nc6 5. Qc2 g6 6. O-O Bg7 7. d4 cxd4 8. cxd4
Qb6 9. d5 Nb4 10. Qc4 Nd7 11. a3 Na6 12. Nc3 Nac5 13. Nd2 Ne5 14. Qb5+ Bd7 15.
Qxb6 axb6 16. f3 Ned3 17. h3 Bd4+ 18. Kh2 Be3 19. Bxd3 Nxd3 20. Rd1 b5 21. Rb1
O-O 22. Nb3 Nxc1 23. Nxc1 Rfc8 24. N1e2 Rc4 25. b3 Rc7 26. Ra1 Bh6 27. b4 Rac8
28. Rd3 Bg7 29. Rc1 Ra8 30. Nb1 Rxc1 31. Nxc1 Rc8 32. Nb3 e6 33. Kg1 exd5 34.
N1d2 Be6 35. Kf2 Rc1 36. Kg3 dxe4 37. fxe4 Bb2 38. Rxd6 Be5+ 0-1

[Event "Championnat de France des Jeunes - Cadet"]
[Site "NIMES"]
[Date "2012.04.15"]
[Round "3.5"]
[White "Sadoune, Emilie"]
[Black "Ruhlmann, Helene"]
[Result "1/2-1/2"]
[WhiteElo "1515"]
[BlackElo "1736"]
[PlyCount "69"]

1. e4 g6 2. d4 c6 3. Nc3 d5 4. Nf3 Bg4 5. h3 Bxf3 6. Qxf3 e6 7. e5 Bg7 8. Bd3
Ne7 9. Bg5 Nd7 10. O-O-O a6 11. h4 c5 12. h5 gxh5 13. Rxh5 cxd4 14. Ne2 Nxe5
15. Qh3 h6 16. Bxh6 Bxh6+ 17. Rxh6 Rxh6 18. Qxh6 Kd7 19. Nxd4 Nxd3+ 20. Rxd3
Qa5 21. Nb3 Qe1+ 22. Rd1 Qxf2 23. g4 Rc8 24. c3 Ng6 25. Nd2 Ke7 26. Rf1 Qh4 27.
Qg7 Rf8 28. Qd4 Qg3 29. Qb4+ Qd6 30. Qxb7+ Ke8 31. Qc8+ Ke7 32. Qb7+ Ke8 33.
Qc8+ Ke7 34. Qb7+ Ke8 35. Qc8+ 1/2-1/2

[Event "Championnat de France des Jeunes - Cadet"]
[Site "NIMES"]
[Date "2012.04.16"]
[Round "4.2"]
[White "Lenoel, Marine"]
[Black "Afraoui, Solenn"]
[Result "1-0"]
[WhiteElo "1933"]
[BlackElo "1923"]
[PlyCount "133"]

1. e4 c5 2. Nc3 Nc6 3. g3 g6 4. Bg2 Bg7 5. d3 Rb8 6. Be3 Nd4 7. Qd2 b5 8. Nd1
d6 9. c3 Nc6 10. Ne2 e6 11. O-O Nge7 12. Bh6 O-O 13. Bxg7 Kxg7 14. Ne3 d5 15.
Ng4 f5 16. exf5 exf5 17. Ne3 d4 18. Nc2 Be6 19. cxd4 cxd4 20. Qf4 Nd5 21. Bxd5
Qxd5 22. Nexd4 Bd7 23. Nxc6 Bxc6 24. Qd4+ Qxd4 25. Nxd4 Bd7 26. Rac1 Rbc8 27.
Rfe1 Kf6 28. f3 Rfd8 29. Kf2 Be8 30. Rxc8 Rxc8 31. f4 Rd8 32. Ke3 a6 33. Rc1
Rd6 34. a3 Bd7 35. b4 h6 36. h4 g5 37. hxg5+ hxg5 38. Rc5 g4 39. Re5 Bc8 40.
Nb3 Be6 41. Nc5 Bd5 42. Nxa6 Bc4 43. Nc5 Bd5 44. Kd4 Bf7+ 45. Kc3 Rc6 46. d4
Rc8 47. d5 Ra8 48. d6 Rxa3+ 49. Kd4 Ra8 50. Nb7 Be6 51. Rxb5 Bd7 52. Rc5 Ra4
53. Rc7 Be6 54. Kc5 Ra3 55. d7 Bxd7 56. Rxd7 Rxg3 57. Rd6+ Ke7 58. Rd5 Rc3+ 59.
Kd4 Rc7 60. Nd6 Ke6 61. Nxf5 Rc1 62. Re5+ Kf6 63. Ng3 Rg1 64. Ne4+ Kg6 65. Rg5+
Kf7 66. b5 Rb1 67. Rxg4 1-0

[Event "Championnat de France des Jeunes - Cadet"]
[Site "NIMES"]
[Date "2012.04.16"]
[Round "4.3"]
[White "Aflalo, Sophie"]
[Black "Aubrun, Cecilia"]
[Result "1-0"]
[WhiteElo "2046"]
[BlackElo "1430"]
[PlyCount "93"]

1. e4 e5 2. Nf3 d6 3. Bc4 Be7 4. d4 exd4 5. Nxd4 Nf6 6. Bd3 O-O 7. Nc3 Re8 8.
O-O Nbd7 9. f4 Bf8 10. Qf3 Nc5 11. h3 c6 12. Be3 Ne6 13. Rad1 Nxd4 14. Bxd4 Nd7
15. Ne2 Nc5 16. Ng3 Nxd3 17. cxd3 f6 18. Nh5 Qc7 19. g4 Be6 20. Rd2 d5 21. g5
fxg5 22. Rg2 dxe4 23. dxe4 Bf7 24. Rxg5 Bxh5 25. Rxh5 g6 26. Rg5 Bg7 27. e5
Rad8 28. Bc3 Rd5 29. Rg3 Red8 30. Qe2 Qb6+ 31. Kh1 Qb5 32. Qxb5 Rxb5 33. Kg2
Rbd5 34. Kf2 Rd3 35. Rfg1 Rxg3 36. Rxg3 b5 37. Ke2 Kf7 38. f5 Bf8 39. e6+ Ke7
40. Bd2 Rd5 41. Bg5+ Kd6 42. Bf4+ Ke7 43. fxg6 hxg6 44. Rxg6 Rh5 45. h4 a5 46.
Bg5+ Kd6 47. e7+ 1-0

[Event "Championnat de France des Jeunes - Cadet"]
[Site "NIMES"]
[Date "2012.04.16"]
[Round "4.4"]
[White "Alonso, Audrey"]
[Black "Gennesseaux, Gabrielle"]
[Result "1-0"]
[WhiteElo "1858"]
[BlackElo "1726"]
[PlyCount "83"]

1. e4 e6 2. d4 d5 3. exd5 exd5 4. Bd3 Nc6 5. c3 Bd6 6. Ne2 Bg4 7. Qc2 Nge7 8.
f3 Bh5 9. Bf4 Bg6 10. Nd2 Qd7 11. O-O-O O-O-O 12. Nb3 Bxd3 13. Qxd3 Qf5 14.
Bxd6 Rxd6 15. Nc5 Nd8 16. Qe3 Ne6 17. g4 Qf6 18. Nd3 Ng5 19. Ne5 Ra6 20. h4 Ne6
21. Kb1 Nc6 22. f4 Qe7 23. Ng3 Re8 24. Rde1 Rb6 25. Nxc6 bxc6 26. f5 Qa3 27.
Qd2 Kd7 28. fxe6+ fxe6 29. Qe2 Qxc3 30. Nf5 c5 31. Nxg7 Re7 32. Nf5 Re8 33. Rc1
Qa3 34. dxc5 Rb4 35. Ka1 Qa4 36. c6+ Kc8 37. Ne3 Rb6 38. Nxd5 Ra6 39. Nc3 Qxc6
40. Qe4 Qc5 41. Qxh7 Qe5 42. Nb5 1-0

[Event "Championnat de France des Jeunes - Cadet"]
[Site "NIMES"]
[Date "2012.04.16"]
[Round "4.5"]
[White "Lecland, Elodie"]
[Black "Dubois, Marie"]
[Result "1/2-1/2"]
[WhiteElo "1689"]
[BlackElo "1792"]
[PlyCount "145"]

1. e4 c5 2. Nf3 d6 3. Bb5+ Bd7 4. Bxd7+ Qxd7 5. O-O Nc6 6. c3 Nf6 7. Re1 g6 8.
d4 Bg7 9. d5 Ne5 10. Nxe5 dxe5 11. Nd2 O-O 12. Nf1 Rfd8 13. c4 Ne8 14. Ng3 Nd6
15. Qe2 b5 16. b3 bxc4 17. bxc4 Qa4 18. Be3 Rdc8 19. Rec1 Rab8 20. Rc2 Rb7 21.
Rac1 Qa5 22. f3 Rcb8 23. Qf2 Rc8 24. Nf1 f5 25. Bd2 Qa3 26. Ng3 f4 27. Nf1 Rb2
28. Be1 Rcb8 29. Rxb2 Rxb2 30. Rc2 Rb6 31. Rc3 Qb4 32. Rc2 Qa4 33. Rc1 Nxc4 34.
Qxc5 Nd6 35. a3 Rb5 36. Qc7 Qxa3 37. Rc6 Rb7 38. Qd8+ Kf7 39. Bh4 h6 40. Bxe7
Rxe7 41. Qxd6 Qxd6 42. Rxd6 Bf8 43. Ra6 Rb7 44. Kf2 Rb2+ 45. Ke1 Bb4+ 46. Kd1
Rf2 47. Rxa7+ Ke8 48. Rg7 Rxf1+ 49. Ke2 Re1+ 50. Kf2 g5 51. Rg6 Re3 52. Rxh6
Be1+ 53. Kf1 Bh4 54. g3 fxg3 55. hxg3 Rxf3+ 56. Ke2 Rxg3 57. Re6+ Kd7 58. Rxe5
Rg2+ 59. Kf3 Rf2+ 60. Kg4 Rf4+ 61. Kh3 Rf3+ 62. Kg4 Rg3+ 63. Kh5 Rh3 64. Kg4
Re3 65. Kh5 Re1 66. Kg4 Rb1 67. Re6 Rg1+ 68. Kh5 Rh1 69. Kg4 Rg1+ 70. Kh5 Rh1
71. Kg4 Rg1+ 72. Kh5 Rh1 73. Kg4 1/2-1/2

[Event "Championnat de France des Jeunes - Cadet"]
[Site "NIMES"]
[Date "2012.04.17"]
[Round "5.1"]
[White "Neuhauser, Salome"]
[Black "Aflalo, Sophie"]
[Result "1/2-1/2"]
[WhiteElo "2049"]
[BlackElo "2046"]
[PlyCount "47"]

1. e4 c5 2. Nf3 Nc6 3. Bb5 e6 4. O-O Nge7 5. Re1 Qc7 6. d4 Nxd4 7. Nxd4 cxd4 8.
Qxd4 a6 9. Bf1 Nc6 10. Qd1 Be7 11. Nc3 O-O 12. Bd3 Bf6 13. Re3 b5 14. Rh3 g6
15. f4 b4 16. e5 bxc3 17. exf6 cxb2 18. Rxh7 bxa1=Q 19. Rg7+ Kh8 20. Qh5+ gxh5
21. Rh7+ Kg8 22. Rg7+ Kh8 23. Rh7+ Kg8 24. Rg7+ 1/2-1/2

[Event "Championnat de France des Jeunes - Cadet"]
[Site "NIMES"]
[Date "2012.04.17"]
[Round "5.2"]
[White "Afraoui, Solenn"]
[Black "Monpeurt, Cyrielle"]
[Result "0-1"]
[WhiteElo "1923"]
[BlackElo "2024"]
[PlyCount "100"]

1. e4 c5 2. Nf3 Nc6 3. d4 cxd4 4. Nxd4 Nf6 5. Nc3 e5 6. Ndb5 d6 7. Bg5 a6 8.
Na3 b5 9. Nd5 Be7 10. Bxf6 Bxf6 11. c4 b4 12. Nc2 O-O 13. Ndxb4 Nxb4 14. Nxb4
Qb6 15. Nd5 Qxb2 16. Be2 Bd8 17. O-O f5 18. Bf3 Kh8 19. Qd3 Qb7 20. Rab1 Qf7
21. Qa3 Qg6 22. Rfe1 Bh4 23. Rb2 Ra7 24. exf5 Bxf5 25. Rxe5 Raf7 26. Re3 Bg4
27. Kf1 Bxf3 28. Rxf3 Rxf3 29. gxf3 Qe6 30. f4 Qe4 31. f3 Qxc4+ 32. Kg2 Qxd5
33. Qxa6 Qd4 34. Re2 Qxf4 35. Qd3 Qg5+ 36. Kh1 Qc1+ 37. Kg2 Qg5+ 38. Kh1 Rc8
39. Rd2 Rc1+ 40. Rd1 Rxd1+ 41. Qxd1 Qe3 42. Qd5 Qc1+ 43. Kg2 Qg5+ 44. Qxg5 Bxg5
45. Kf2 Bf4 46. a4 Bxh2 47. a5 d5 48. a6 Bb8 49. Ke3 Ba7+ 50. Kf4 Kg8 0-1

[Event "Championnat de France des Jeunes - Cadet"]
[Site "NIMES"]
[Date "2012.04.17"]
[Round "5.3"]
[White "Alonso, Audrey"]
[Black "Lenoel, Marine"]
[Result "1/2-1/2"]
[WhiteElo "1858"]
[BlackElo "1933"]
[PlyCount "106"]

1. e4 e5 2. Nf3 Nc6 3. Bb5 Bc5 4. c3 Nf6 5. O-O O-O 6. d4 exd4 7. cxd4 Be7 8.
d5 Nb8 9. e5 Nxd5 10. Qxd5 c6 11. Qe4 cxb5 12. Nc3 b4 13. Nd5 Nc6 14. Nxe7+
Qxe7 15. Ng5 g6 16. Nf3 f6 17. Qd5+ Qf7 18. Qd6 Nxe5 19. Nxe5 fxe5 20. Qxe5 d5
21. Bh6 Re8 22. Qd6 b3 23. axb3 Bf5 24. Rad1 Rad8 25. Qc5 b6 26. Qc3 Rc8 27.
Qf3 Be4 28. Qxf7+ Kxf7 29. f3 Bc2 30. Rxd5 Bxb3 31. Rd7+ Re7 32. Rxe7+ Kxe7 33.
Rc1 Rxc1+ 34. Bxc1 Ke6 35. Kf2 Kd5 36. Ke3 h5 37. Bd2 Bc2 38. Bc3 a5 39. Kf4 a4
40. Bf6 Kc4 41. g4 hxg4 42. fxg4 b5 43. h4 Kb3 44. h5 gxh5 45. gxh5 b4 46. h6
a3 47. bxa3 bxa3 48. Kg5 Ka2 49. Kf4 Kb1 50. Be5 a2 51. Kg5 a1=Q 52. Bxa1 Kxa1
53. h7 Bxh7 1/2-1/2

[Event "Championnat de France des Jeunes - Cadet"]
[Site "NIMES"]
[Date "2012.04.17"]
[Round "5.4"]
[White "Dubois, Marie"]
[Black "Ruhlmann, Helene"]
[Result "1-0"]
[WhiteElo "1792"]
[BlackElo "1736"]
[PlyCount "81"]

1. d4 d5 2. c4 e6 3. Nc3 Be7 4. cxd5 exd5 5. Bf4 Nf6 6. e3 Bf5 7. Nf3 c6 8. Be2
Nbd7 9. h3 O-O 10. Qd2 Ne4 11. Nxe4 Bxe4 12. O-O Re8 13. Rac1 a5 14. a3 a4 15.
Qc3 Qa5 16. Nd2 Bg6 17. f3 Nf6 18. Rfe1 Qd8 19. Bf1 Nh5 20. Bh2 Bh4 21. Re2 Ng3
22. Bxg3 Bxg3 23. e4 Bf4 24. Ree1 dxe4 25. fxe4 Qg5 26. Rcd1 Bxd2 27. Rxd2 Rxe4
28. Rxe4 Bxe4 29. Re2 Bg6 30. Re5 Qd8 31. Bc4 Qd7 32. d5 Rc8 33. Qe3 cxd5 34.
Bxd5 h6 35. Bf3 Qd3 36. Qxd3 Bxd3 37. Bxb7 Rc1+ 38. Kh2 Rb1 39. Rd5 Bc4 40.
Rd8+ Kh7 41. Be4+ 1-0

[Event "Championnat de France des Jeunes - Cadet"]
[Site "NIMES"]
[Date "2012.04.17"]
[Round "5.5"]
[White "Finkel, Julie"]
[Black "Lecland, Elodie"]
[Result "1-0"]
[WhiteElo "1697"]
[BlackElo "1689"]
[PlyCount "81"]

1. e4 c5 2. Nc3 e6 3. f4 d5 4. Bb5+ Bd7 5. Bxd7+ Qxd7 6. d3 d4 7. Nce2 Bd6 8.
Nf3 Nc6 9. O-O Nge7 10. a3 O-O 11. Qe1 b5 12. g4 f5 13. gxf5 exf5 14. e5 Bc7
15. Kh1 Nd8 16. Rg1 Ne6 17. Qh4 Ng6 18. Qh3 Bd8 19. Bd2 a5 20. Qg3 Qd5 21. Rg2
Rf7 22. b3 c4 23. bxc4 bxc4 24. Rb1 c3 25. Be1 a4 26. Rb4 Be7 27. Rc4 Bxa3 28.
Nfxd4 Nxd4 29. Rxd4 Qa2 30. Nxc3 Qb2 31. Rxa4 Rxa4 32. Nxa4 Qc1 33. Rg1 Be7 34.
Nc3 Bh4 35. Qe3 Qb2 36. Bxh4 Nxh4 37. e6 Re7 38. Nd5 Qb7 39. c4 Qc6 40. Re1 Kf8
41. Qh3 1-0

[Event "Championnat de France des Jeunes - Cadet"]
[Site "NIMES"]
[Date "2012.04.18"]
[Round "6.1"]
[White "Neuhauser, Salome"]
[Black "Alonso, Audrey"]
[Result "1-0"]
[WhiteElo "2049"]
[BlackElo "1858"]
[Annotator "Rivier,Sylvain"]
[PlyCount "90"]

1. e4 e5 2. Bc4 Nf6 3. d3 Bc5 4. Nc3 Nc6 5. Bg5 h6 6. Bh4 d6 7. Na4 Bb6 8. Nxb6
axb6 9. f3 Na5 10. Ne2 Nxc4 11. dxc4 Be6 12. b3 Qd7 13. Nc3 Nh5 14. Qd2 Nf4 15.
O-O-O Qc6 16. Kb2 Qc5 17. Nb5 O-O 18. Bf2 Qc6 19. g3 Bxc4 20. Nxc7 Qxc7 21.
gxf4 Bb5 22. Qxd6 Rxa2+ 23. Kxa2 Qxc2+ 24. Ka3 Qc3 25. Qxf8+ Kxf8 26. Bxb6 Kg8
27. Rd8+ Kh7 28. fxe5 Bc4 29. Rb1 Qxf3 30. Rd4 Bd3 31. Rg1 Bxe4 32. Rg3 Qe2 33.
Ra4 Bc6 34. Rag4 g6 35. Bg1 Qxe5 36. Re3 Qa5+ 37. Kb2 Qd2+ 38. Ka3 Qd7 39. Rc4
Qd6+ 40. Kb2 Bd5 41. Rd4 Qf6 42. Rc3 Be6 43. Rb4 Qf1 44. Bd4 Qe1 45. Bc5 Bf5 {
suite illisible} 1-0

[Event "Championnat de France des Jeunes - Cadet"]
[Site "NIMES"]
[Date "2012.04.18"]
[Round "6.2"]
[White "Lenoel, Marine"]
[Black "Monpeurt, Cyrielle"]
[Result "1/2-1/2"]
[WhiteElo "1933"]
[BlackElo "2024"]
[PlyCount "113"]

1. e4 e5 2. Nf3 Nc6 3. Bc4 Bc5 4. d3 Nf6 5. Nc3 d6 6. Bg5 h6 7. Be3 Bb6 8. Qd2
Bg4 9. h3 Bxf3 10. gxf3 Qd7 11. f4 O-O-O 12. Bxb6 axb6 13. O-O-O Nh5 14. fxe5
dxe5 15. Nd5 Ne7 16. Qe2 g6 17. d4 Nxd5 18. exd5 exd4 19. Rxd4 Rhe8 20. Qg4 Re5
21. d6 c5 22. Qxd7+ Rxd7 23. Rd2 Nf6 24. f3 Re3 25. b3 Rxf3 26. Re1 Rf4 27. Bb5
Rd8 28. Re7 Ne4 29. d7+ Kc7 30. Rd3 Nd6 31. a4 Nxb5 32. axb5 g5 33. c4 h5 34.
Kd2 f5 35. Ke3 Rd4 36. Rxd4 cxd4+ 37. Kd3 Rxd7 38. Re5 Rf7 39. Kxd4 g4 40. hxg4
hxg4 41. Ke3 f4+ 42. Kf2 Kd6 43. Rg5 g3+ 44. Kf3 Ke6 45. b4 Rf6 46. c5 bxc5 47.
bxc5 Kd7 48. Rg7+ Kc8 49. Rg8+ Kc7 50. Rg7+ Kb8 51. Rg8+ Ka7 52. Rg5 Rf8 53.
Rg7 Rf5 54. c6 Rxb5 55. Kxf4 g2 56. cxb7 Rxb7 57. Rxg2 1/2-1/2

[Event "Championnat de France des Jeunes - Cadet"]
[Site "NIMES"]
[Date "2012.04.18"]
[Round "6.3"]
[White "Aflalo, Sophie"]
[Black "Dubois, Marie"]
[Result "1-0"]
[WhiteElo "2046"]
[BlackElo "1792"]
[PlyCount "31"]

1. e4 c5 2. Nf3 d6 3. d4 cxd4 4. Nxd4 Nf6 5. Nc3 a6 6. Bc4 b5 7. Bb3 Bb7 8. O-O
Nbd7 9. Re1 Nc5 10. Bd5 e6 11. Bg5 Rc8 12. b4 Bxd5 13. exd5 Nb7 14. Qf3 Qc7 15.
dxe6 Qxc3 16. Qxb7 1-0

[Event "Championnat de France des Jeunes - Cadet"]
[Site "NIMES"]
[Date "2012.04.18"]
[Round "6.4"]
[White "Afraoui, Solenn"]
[Black "Finkel, Julie"]
[Result "1-0"]
[WhiteElo "1923"]
[BlackElo "1697"]
[PlyCount "41"]

1. e4 d6 2. d4 Nf6 3. Nc3 e5 4. Nge2 Nbd7 5. h3 Be7 6. Be3 O-O 7. g4 c6 8. Ng3
d5 9. exd5 cxd5 10. g5 Ne4 11. Ngxe4 dxe4 12. Nxe4 exd4 13. Qxd4 Qa5+ 14. Bd2
Qc7 15. Bc3 f6 16. O-O-O Qb6 17. Qxb6 axb6 18. Bc4+ Kh8 19. gxf6 Nxf6 20. Nxf6
gxf6 21. Rhe1 1-0